000 00465nam a2200205Ia 4500
008 210210b1909 xxu||||| |||| 00| 0 eng d
041 _aeng
082 _a822/442
100 _aGEBBON (Edward)
245 _aAge of the antonines: Fowler Ed
260 _aLondon
_bMacmillan & Co. Ltd.
_c1909
650 _athe
650 _aof
650 _aFowler
650 _aEd
650 _aantonines:
650 _aAge
690 _aEnglish Prose
906 _a012628
999 _c131438
_d131438